Word Ladder: Harry Potter Surnames Quiz Stats

Quiz Updated May 23, 2015

Challenge
Share
Tweet
Embed
Score 0/38 Timer 04:00
0 Plays Today
Clue 4-Letter Word % Correct
Instrument in your ear?DRUM
87%
A holder for flowersVASE
85.9%
Viktor who played Quidditch for Bulgaria
OR a Homophone of a bit of food
KRUM
85.4%
Romilda who tries to romance Harry
OR an instrument for finding wind direction
VANE
85.4%
Pulsation of the heartBEAT
85.2%
CompletedDONE
81.4%
Shape of Harry's scarBOLT
79.4%
Pants supporterBELT
78.6%
One from CopenhagenDANE
78.1%
Part of a 3-piece suitVEST
77.5%
Katie who played Quidditch for Gryffindor
OR an instrument that peals
BELL
77.4%
ExpansiveVAST
77.3%
A frustrating childBRAT
76.9%
Hermione's weapon of choiceWAND
76.8%
Any part of a sentenceWORD
76.2%
The one at the topBEST
76.2%
Oliver who captained Gryffindor in Quidditch
OR a material from a tree
WOOD
76.1%
Marking on sheet musicNOTE
74%
Vera the fashion designerWANG
73.1%
Clue 4-Letter Word % Correct
Terry, a Ravenclaw in Dumbledore's Army
OR a footwear that served as a portkey
BOOT
72.5%
A very mild curse wordDRAT
71.3%
One in the custody or protection of anotherWARD
71.3%
A snitch has two of thisWING
71%
An eighth of an ounceDRAM
70.6%
Lavish attention (on)DOTE
66.7%
SoloLONE
65.7%
Elphias who was a friend of Dumbledore
OR a Venetian leader
DOGE
65.6%
Gaunt's jewelry that held the Resurrection StoneRING
65.4%
Modern expression of joyWOOT
63.8%
Arabella the squib in the Order of the Phoenix
OR a homophone for a fruit in a Newton cookie
FIGG
61.7%
Theodore whose father was a Death Eater
OR a homophone for a bit of tied up rope
NOTT
60.7%
Diana of 'The Avengers' and 'Game of Thrones'RIGG
54.6%
Common lawn verminMOLE
52.1%
Part of the cotton plant attacked by weevilsBOLL
50.9%
Theatre box seatingLOGE
50.5%
Flanders created by Daniel DefoeMOLL
46%
A very small particleMOTE
40.4%
Lucretia the suffragetteMOTT
37.4%

Today's Daily Dose

You're not logged in!

Compare scores with friends on all Sporcle quizzes.
Sign Up with Email
OR
Log In

You Might Also Like...

Show Comments

Extras

Top Quizzes Today


Score Distribution

Your Account Isn't Verified!

In order to create a playlist on Sporcle, you need to verify the email address you used during registration. Go to your Sporcle Settings to finish the process.